Gagnants des Eurovision Awards 2024 - Statistiques

Statistiques générales
  • Ce quiz a été pris 4 fois
  • Le résultat moyen est 6 sur 12
Statistiques - réponses
Catégories Gagnant.e Nominé.e Nominé.e Nominé.e % Correct
Puissance vocale Nemo 🇨🇭 Gåte 🇳🇴 Iolanda 🇵🇹 Isaak 🇩🇪
100%
Icône du style Bambie Thug 🇮🇪 Mustii 🇧🇪 Nemo 🇨🇭 Raiven 🇸🇮
75%
Non-qualifiés Aiko 🇨🇿 Electric Fields 🇦🇺 Luna 🇵🇱 Saba 🇩🇰
50%
Vision artistique Alyona Alyona & Jerry Heil 🇺🇦 Bambie Thug 🇮🇪 Nemo 🇨🇭 France 🇫🇷
50%
Charisme Anglelina Mango 🇮🇹 Hera Björk 🇮🇸 Marcus & Martinus 🇸🇪 Windows95Man 🇫🇮
50%
Miss sympathie Baby Lasagna 🇭🇷 Angelina Mango 🇮🇹 Marcus & Martinus 🇸🇪 Windows95Man 🇫🇮
50%
Clip vidéo Baby Lasagna 🇭🇷 Eden Golan 🇮🇱 Ladaniva 🇦🇲 Nemo 🇨🇭
50%
Ensemble scénique Marina Satti 🇬🇷 5MIINUST x PUULUUP 🇪🇪 Ladaniva 🇦🇲 Nebulossa 🇪🇸
50%
Chorégraphie Marcus & Martinus 🇸🇪 Kaleen 🇦🇹 Sarah Bonnici 🇲🇹 Olly Alexander 🇬🇧
25%
Slay Silia Kapsis 🇨🇾 Dons 🇱🇻 Nutsa Buzaladze 🇬🇪 Tali 🇱🇺
25%
Chevelure somptueuse Silvester Belt 🇱🇹 Megara 🇸🇲 Nebulossa 🇪🇸 Teya Dora 🇷🇸
25%
Autres albums Silvester Belt 🇱🇹 Besa 🇦🇱 Fahree 🇦🇿 Natali Barbu 🇲🇩
25%
Aucun quiz correspondant
Distribution des résultats
% des personnes avec chaque résultat
Percentile par nombre de réponses
Votre historique - résultats
Vous n’avez pas pris ce quiz